a kids book about SELF-LOVE / (Record no. 203723)

MARC details
000 -LEADER
fixed length control field 01414nam a2200337 ia4500
003 - CONTROL NUMBER IDENTIFIER
control field OSt
005 - DATE AND TIME OF LATEST TRANSACTION
control field 20260409111726.0
008 - FIXED-LENGTH DATA ELEMENTS--GENERAL INFORMATION
fixed length control field 260407s2025 nyu jrb 000 0 eng d
020 ## - INTERNATIONAL STANDARD BOOK NUMBER
International Standard Book Number 9780241743515
Terms of availability RM 98.90
Qualifying information hardback
040 ## - CATALOGING SOURCE
Original cataloging agency PPAK
Language of cataloging eng
Transcribing agency PPAK
Description conventions rda
082 04 - DEWEY DECIMAL CLASSIFICATION NUMBER
Edition number 23
Classification number 155.232
090 00 - LOCALLY ASSIGNED LC-TYPE CALL NUMBER (OCLC); LOCAL CALL NUMBER (RLIN)
Classification number (OCLC) (R) ; Classification number, CALL (RLIN) (NR) 155.232
Feature heading FAR
Feature heading K
100 1# - MAIN ENTRY--PERSONAL NAME
Personal name Farbstein, Brandon,
Relator term author.
245 10 - TITLE STATEMENT
Title a kids book about SELF-LOVE /
Statement of responsibility, etc. by Brandon Farbstein.
246 30 - VARYING FORM OF TITLE
Title proper/short title Self-love
250 ## - EDITION STATEMENT
Edition statement First American edition.
264 #1 - PRODUCTION, PUBLICATION, DISTRIBUTION, MANUFACTURE, AND COPYRIGHT NOTICE
Place of production, publication, distribution, manufacture New York, NY :
Name of producer, publisher, distributor, manufacturer DK Publishing,
Date of production, publication, distribution, manufacture, or copyright notice [2025]
Date of production, publication, distribution, manufacture, or copyright notice ©2025
300 ## - PHYSICAL DESCRIPTION
Extent 1 volume (unpaged) :
Other physical details colour illustrations ;
Dimensions 26 cm
336 ## - CONTENT TYPE
Content type term text
Source rdacontent
337 ## - MEDIA TYPE
Media type term unmediated
Source rdamedia
338 ## - CARRIER TYPE
Carrier type term volume
Source rdacarrier
490 1# - SERIES STATEMENT
Series statement a kids book about
520 ## - SUMMARY, ETC.
Summary, etc. What do you see when you look in the mirror? Often we notice the things that make us feel different or we don't like. But self-love can help us see what makes us uniquely awesome! This book teaches kids how to choose their thoughts, manage their perspectives, and feel comfortable and happy with themselves, even when hard things happen.
521 1# - TARGET AUDIENCE NOTE
Target audience note Ages 5+
650 10 - SUBJECT ADDED ENTRY--TOPICAL TERM
Topical term or geographic name entry element Self-acceptance
Form subdivision Juvenile literature
Topical term or geographic name entry element Self-actualization (Psychology)
Form subdivision Juvenile literature
Topical term or geographic name entry element Self-esteem in children
Form subdivision Juvenile literature
830 #0 - SERIES ADDED ENTRY--UNIFORM TITLE
Uniform title a kids book about
942 ## - ADDED ENTRY ELEMENTS (KOHA)
Source of classification or shelving scheme Dewey Decimal Classification
Koha item type Book
Holdings
Withdrawn Not for loan Current library Shelving location Date acquired Total Checkouts Full call number Barcode Date last seen Koha item type
    Perpustakaan Alor Setar Pinjaman Kanak-kanak 26/04/2026   K 155.232 FAR A01910990 26/04/2026 Book
    Perpustakaan Awam Sungai Petani Pinjaman Kanak-kanak 26/04/2026   K 155.232 FAR A01910991 26/04/2026 Book